[Event "FRA-ch op-A"]
[Site "Nimes"]
[Date "2018.08.18"]
[Round "5"]
[White "Caron, Damien"]
[Black "Pupier, Terry"]
[Result "0-1"]
[WhiteElo "2038"]
[BlackElo "2068"]
[PlyCount "70"]
[EventDate "2018.08.18"]
[EventType "swiss"]
[EventRounds "9"]
[EventCountry "FRA"]
[SourceTitle "CBM 186 Extra"]
[Source "ChessBase"]
[SourceDate "2018.08.24"]
[SourceVersion "1"]
[SourceVersionDate "2018.08.24"]
[SourceQuality "1"]

1. Nf3 d6 2. d4 Bg4 3. Nbd2 Nd7 4. h3 Bh5 5. c3 c6 6. e4 e5 7. Be2 Ngf6 8. 0-0 Be7 9. Re1 0-0 10. Qc2 Bg6 11. Bd3 Nh5 12. g3 h6 13. Nc4 Qc7 14. Ne3 Rae8 15. Ng2 Bh7 16. Bd2 Bd8 17. b4 exd4 18. cxd4 Nhf6 19. Rac1 Qb8 20. g4 Re7 21. g5 hxg5 22. Nxg5 Rfe8 23. Nxh7 Nxh7 24. e5 Nhf8 25. f4 Bb6 26. Be3 Qd8 27. Qf2 dxe5 28. fxe5 Ne6 29. Rcd1 Ndf8 30. Bc2 Rd7 31. Nf4 Nxd4 32. e6 Ndxe6 33. Nxe6 Rxe6 34. Rxd7 Qxd7 35. Bf5 Rxe3 0-1

[Event "Basel op"]
[Site "Basel"]
[Date "2018.01.03"]
[Round "3"]
[White "Pupier, Terry"]
[Black "Terraz, Christian"]
[Result "1-0"]
[WhiteElo "2107"]
[BlackElo "2075"]
[PlyCount "53"]
[EventDate "2018.01.02"]
[EventType "swiss"]
[EventRounds "9"]
[EventCountry "SUI"]
[SourceTitle "CBM 182 Extra"]
[Source "ChessBase"]
[SourceDate "2018.02.23"]
[SourceVersion "1"]
[SourceVersionDate "2018.02.23"]
[SourceQuality "1"]

1. e4 e5 2. Nf3 Nc6 3. d4 exd4 4. Nxd4 Nf6 5. Nxc6 bxc6 6. e5 Qe7 7. Qe2 Nd5 8. g3 a5 9. c4 Nb6 10. Nd2 Qe6 11. h4 Bb4 12. a3 Bxd2+ 13. Bxd2 Ba6 14. Rc1 Nxc4 15. Rxc4 d5 16. exd6 Bxc4 17. Qxe6+ Bxe6 18. dxc7 Bd5 19. Rg1 0-0 20. Bf4 Rfe8+ 21. Kd2 Re4 22. Ba6 Be6 23. Bb7 Rf8 24. Rc1 Bc8 25. Bxc6 Re6 26. b4 axb4 27. axb4 1-0

[Event "FRA-chT3 Gr12 0304"]
[Site "Loire"]
[Date "2003.11.15"]
[Round "2.8"]
[White "Colombi Gamrat, Marie Pierre"]
[Black "Pupier, Terry"]
[Result "0-1"]
[WhiteElo "1850"]
[BlackElo "1740"]
[PlyCount "106"]
[EventDate "2003.10.12"]
[EventType "team"]
[EventRounds "9"]
[EventCountry "FRA"]
[SourceTitle "EXT 2008"]
[Source "ChessBase"]
[SourceDate "2007.11.25"]
[SourceVersion "1"]
[SourceVersionDate "2007.11.25"]
[SourceQuality "1"]

1. d4 Nf6 2. Nf3 d5 3. g3 c6 4. Bg2 Bf5 5. a3 e6 6. Nbd2 Bd6 7. b4 a5 8. bxa5 Qxa5 9. 0-0 Qc3 10. Ra2 Na6 11. Nb1 Qc4 12. Rb2 b5 13. e3 0-0 14. Nfd2 Qa4 15. Rb3 e5 16. dxe5 Bxe5 17. Nf3 Nd7 18. Nxe5 Nxe5 19. Bb2 Nc4 20. Ba1 Nc5 21. Qd4 Ne6 22. Qd1 Rfb8 23. Re1 b4 24. e4 dxe4 25. Bxe4 Bxe4 26. Rxe4 bxa3 27. Rc3 Qb5 28. Rb3 Qd5 29. Qe2 Rxb3 30. cxb3 Nd6 31. Rb4 c5 32. Rb6 Nd4 33. Bxd4 cxd4 34. Nxa3 h6 35. Nb1 d3 36. Qb2 Qc5 37. Rxd6 Qxd6 38. b4 Rc8 39. Qd2 Rc2 40. Qd1 d2 41. Kg2 Qc6+ 42. Kh3 Rc1 43. Qxd2 Rxb1 44. Qd8+ Kh7 45. Qd3+ Qg6 46. Qd2 Qe6+ 47. Kg2 Qe4+ 48. Kh3 Rxb4 49. f3 Qe6+ 50. g4 Rb3 51. Kg2 Qe3 52. Qd5 Rb2+ 53. Kh3 Qf4 0-1